| 000 | 00545nam a2200181 a 4500 | ||
|---|---|---|---|
| 001 | 000033426 | ||
| 005 | 20240412074257.0 | ||
| 008 | 110829s1977 dr 000 p spa d | ||
| 040 |
_aDO-SdBNP _bspa _cBNPHU |
||
| 082 |
_aRD861.44 _bC117p |
||
| 100 | 1 |
_aCabral, Manuel del, _d1907-1999 _923556 |
|
| 245 | 1 | 0 |
_aPalabra / _cManuel del Cabral. |
| 260 |
_aSanto Domingo : _bAlfa y Omega, _c1977. |
||
| 300 |
_a137 p. ; _c11 cm. |
||
| 590 | _aInventariado, 2018/VM | ||
| 650 | 0 |
_aLiteratura dominicana. _967 |
|
| 910 | _aValidado. Control de calidad MFF | ||
| 999 |
_c32917 _d32917 |
||